[Event "Karpos Open 2013"]
[Site "Skopje MKD"]
[Date "2013.03.10"]
[Round "3.34"]
[White "Djukic, Nikola"]
[Black "Djoric, Dusan"]
[Result "1/2-1/2"]
[WhiteTitle "GM"]
[BlackTitle "FM"]
[WhiteElo "2545"]
[BlackElo "2270"]
[WhiteFideId "922412"]
[BlackFideId "902136"]
[EventDate "2013.03.09"]

1. e4 c5 2. Nf3 d6 3. d4 cxd4 4. Nxd4 Nf6 5. Nc3 a6 6. Be3 e6 7. g4 d5 8. g5
Nxe4 9. Nxe4 dxe4 10. Qg4 Qa5+ 11. c3 Be7 12. Qxe4 Bxg5 13. Bc4 Bxe3 14. fxe3
Qc5 15. Bb3 Nc6 16. Nxc6 bxc6 17. O-O-O O-O 18. Rhg1 f5 19. Qf3 Ra7 20. Rd4 Qe5
21. Qf4 Qxf4 22. exf4 Kf7 23. Re1 Ke7 24. Re5 Rf6 25. Rc4 Bd7 26. Bc2 Kf7 27.
Ba4 Rh6 28. Re2 Rh4 29. Bxc6 g5 30. Bxd7 Rxd7 31. Rc6 Rxf4 32. Rxa6 Rf1+ 33. Kc2
f4 34. Rexe6 Rf2+ 35. Kb3 Rb7+ 36. Kc4 Rfxb2 37. h4 Ra7 38. Kd3 Rd7+ 39. Kc4 1/2-1/2

[Event "Karpos Open 2013"]
[Site "Skopje MKD"]
[Date "2013.03.10"]
[Round "3.35"]
[White "Popilski, Gil"]
[Black "Duman, Aydin"]
[Result "1-0"]
[WhiteTitle "GM"]
[WhiteElo "2520"]
[BlackElo "2249"]
[WhiteFideId "2809060"]
[BlackFideId "6301304"]
[EventDate "2013.03.09"]

1. e4 c5 2. Nf3 d6 3. d4 cxd4 4. Qxd4 a6 5. h3 Nc6 6. Qe3 Nf6 7. c4 e5 8. Nc3
Be7 9. Be2 O-O 10. O-O Be6 11. Bd2 Nd7 12. Nd5 Bf6 13. Bc3 Nc5 14. b3 Bxd5 15.
cxd5 Ne7 16. Rac1 Ng6 17. g3 Be7 18. Bb4 Rc8 19. h4 Qb6 20. Bxc5 Rxc5 21. Rxc5
dxc5 22. h5 Nh8 23. Nxe5 Qc7 24. Nd3 f6 25. Rc1 b6 26. b4 Nf7 27. bxc5 bxc5 28.
Nxc5 Qa5 29. Ne6 Re8 30. Qc3 1-0

[Event "Karpos Open 2013"]
[Site "Skopje MKD"]
[Date "2013.03.10"]
[Round "3.36"]
[White "Atakisi, Umut"]
[Black "Grigorov, Grigor"]
[Result "1-0"]
[WhiteTitle "IM"]
[BlackTitle "GM"]
[WhiteElo "2328"]
[BlackElo "2516"]
[WhiteFideId "6301037"]
[BlackFideId "2907313"]
[EventDate "2013.03.09"]

1. e4 e5 2. Nf3 Nc6 3. Bb5 a6 4. Ba4 Nf6 5. O-O Be7 6. Re1 b5 7. Bb3 d6 8. c3
O-O 9. d4 Bg4 10. Be3 exd4 11. cxd4 Na5 12. Bc2 Nc4 13. Bc1 c5 14. b3 Nb6 15.
Nbd2 cxd4 16. h3 Bh5 17. Bb2 Nfd7 18. g4 d3 19. Bxd3 Bg6 20. Nd4 Bg5 21. N2f3
Bf4 22. Ne2 Be5 23. Nxe5 dxe5 24. Ng3 Nc5 25. Bf1 Qf6 26. Nf5 Rfd8 27. Qf3 Ne6
28. Rad1 h5 29. Qg3 Nd7 30. Rd6 Qg5 31. Red1 Nf6 32. Rxd8+ Rxd8 33. Rxd8+ Nxd8
34. Qxe5 Ne6 35. Ne7+ Kh7 36. Qxg5 Nxg5 37. Nxg6 Kxg6 38. e5 Nf3+ 39. Kg2 Ne1+
40. Kh2 Ne4 41. f4 Nf3+ 42. Kh1 hxg4 43. hxg4 Ne1 44. Kh2 f5 45. exf6 gxf6 46.
Be2 f5 47. g5 Nc2 48. Kh3 Ne3 49. Be5 Nf2+ 50. Kh4 Ng2+ 51. Kg3 1-0

[Event "Karpos Open 2013"]
[Site "Skopje MKD"]
[Date "2013.03.10"]
[Round "3.37"]
[White "Nedev, Trajko"]
[Black "Nikolaidis, Konstantinos"]
[Result "1-0"]
[WhiteTitle "GM"]
[BlackTitle "FM"]
[WhiteElo "2506"]
[BlackElo "2248"]
[WhiteFideId "15000605"]
[BlackFideId "4200578"]
[EventDate "2013.03.09"]

1. e4 e5 2. Nf3 Nc6 3. Bc4 Bc5 4. d3 Nf6 5. Nbd2 O-O 6. O-O a6 7. c3 Ba7 8. h3
d6 9. Bb3 Ne7 10. Re1 Ng6 11. Nf1 Nh5 12. d4 Qe8 13. Ne3 Nhf4 14. Nf5 Ne6 15. h4
f6 16. h5 Nf4 17. Bxf4 exf4 18. N3h4 Kh8 19. Bxe6 Bxe6 20. Qg4 Rf7 21. Ng6+ Kg8
22. Nxf4 Kf8 23. Re3 Qd7 24. Rg3 Re8 25. d5 Bxf5 26. exf5 Re5 27. Ne6+ Ke7 28.
c4 Qa4 29. b3 Qd7 30. Nxg7 c6 31. Rd1 b5 32. Ne6 cxd5 33. cxd5 Bb6 34. Rc3 Qb7
35. Rdc1 1-0

[Event "Karpos Open 2013"]
[Site "Skopje MKD"]
[Date "2013.03.10"]
[Round "3.38"]
[White "Mladenovic, Stefan"]
[Black "Arsovic, Goran"]
[Result "0-1"]
[BlackTitle "IM"]
[WhiteElo "2292"]
[BlackElo "2438"]
[WhiteFideId "942227"]
[BlackFideId "901792"]
[EventDate "2013.03.09"]

1. d4 Nf6 2. Nf3 g6 3. c4 Bg7 4. Nc3 d6 5. e4 O-O 6. Be2 e5 7. O-O Nc6 8. d5 Ne7
9. Ne1 Nd7 10. Nd3 f5 11. Bd2 fxe4 12. Nxe4 Nf5 13. f4 exf4 14. Bxf4 Qe7 15. Bf3
Ne5 16. Bg5 Qe8 17. c5 h6 18. Bc1 Nxf3+ 19. gxf3 dxc5 20. Ndxc5 Qf7 21. d6 cxd6
22. Nxd6 Nxd6 23. Qxd6 Bh3 24. Be3 Rad8 25. Qg3 Bxf1 26. Rxf1 Bxb2 27. Rb1 Bd4
28. Bxd4 Rxd4 29. Rxb7 Qf5 30. f4 Rd1+ 31. Kg2 Qd5+ 32. Kh3 Qf5+ 33. Kg2 Rd2+ 0-1

[Event "Karpos Open 2013"]
[Site "Skopje MKD"]
[Date "2013.03.10"]
[Round "3.39"]
[White "Yurtseven, Melih"]
[Black "Malakhatko, Vadim"]
[Result "0-1"]
[BlackTitle "GM"]
[WhiteElo "2135"]
[BlackElo "2571"]
[WhiteFideId "6312160"]
[BlackFideId "14104202"]
[EventDate "2013.03.09"]

1. e4 c5 2. Nf3 e6 3. d4 cxd4 4. Nxd4 Nc6 5. Nc3 Qc7 6. Ndb5 Qb8 7. Be3 a6 8.
Nd4 Nf6 9. Bd3 Ne5 10. h3 b5 11. O-O Bb7 12. a3 Nc4 13. Bc1 Qc7 14. Qe2 Rc8 15.
b3 Qe5 16. bxc4 Qxd4 17. cxb5 Qxc3 18. bxa6 Ba8 19. Rb1 Qc7 20. Bd2 Bc5 21. Kh1
O-O 22. e5 Nd5 23. c4 Ne7 24. Rb5 Nf5 25. Ra5 Qc6 26. Qg4 h5 0-1

[Event "Karpos Open 2013"]
[Site "Skopje MKD"]
[Date "2013.03.10"]
[Round "3.40"]
[White "Solodovnichenko, Yuri"]
[Black "Krstev, Emil"]
[Result "1-0"]
[WhiteTitle "GM"]
[WhiteElo "2559"]
[BlackElo "2126"]
[WhiteFideId "14104369"]
[BlackFideId "15000958"]
[EventDate "2013.03.09"]

1. g3 e6 2. Nf3 f5 3. Bg2 Nf6 4. O-O d5 5. c4 c6 6. b3 b5 7. Bb2 Bb7 8. d3 Bd6
9. Nbd2 O-O 10. Qc2 Qe7 11. e4 fxe4 12. dxe4 Nxe4 13. Nxe4 dxe4 14. Qxe4 c5 15.
Qg4 bxc4 16. Rae1 cxb3 17. Rxe6 Qc7 18. Rxd6 Rf7 19. Ng5 Bxg2 20. Nxf7 1-0

[Event "Karpos Open 2013"]
[Site "Skopje MKD"]
[Date "2013.03.10"]
[Round "3.41"]
[White "Mikhalevski, Victor"]
[Black "Hristovski, Srdzan"]
[Result "1-0"]
[WhiteTitle "GM"]
[WhiteElo "2548"]
[BlackElo "2122"]
[WhiteFideId "2801914"]
[BlackFideId "15001148"]
[EventDate "2013.03.09"]

1. c4 e6 2. Nf3 d5 3. g3 Nf6 4. Bg2 Be7 5. O-O O-O 6. b3 b6 7. Bb2 Bb7 8. e3 c5
9. Qe2 Nbd7 10. Nc3 a6 11. Rfd1 Qc7 12. Rac1 Bc6 13. d4 Qb7 14. Ne5 Nxe5 15.
dxe5 Ne4 16. cxd5 Nxc3 17. Rxc3 exd5 18. Rcd3 Bb5 19. f4 Bxd3 20. Rxd3 Rad8 21.
f5 f6 22. Qd1 Qc7 23. Bxd5+ Kh8 24. e4 fxe5 25. Qh5 Rf6 26. Bc1 g6 27. fxg6 Rxg6
28. Rf3 Bf6 29. Bb2 Qg7 30. Rf5 Rg5 31. Qxg5 Qxg5 32. Rxg5 Bxg5 33. Bxe5+ 1-0

[Event "Karpos Open 2013"]
[Site "Skopje MKD"]
[Date "2013.03.10"]
[Round "3.42"]
[White "Battaglini, Gabriel"]
[Black "Ilic, Slobodan S"]
[Result "1-0"]
[WhiteTitle "IM"]
[WhiteElo "2436"]
[BlackElo "2109"]
[WhiteFideId "621650"]
[BlackFideId "912883"]
[EventDate "2013.03.09"]

1. e4 c5 2. c3 Nf6 3. e5 Nd5 4. d4 cxd4 5. cxd4 e6 6. Nc3 Nxc3 7. bxc3 d6 8. f4
Be7 9. Nf3 Bd7 10. Bd3 g6 11. O-O O-O 12. Rb1 Bc6 13. Ba3 dxe5 14. Bxe7 Qxe7 15.
fxe5 Nd7 16. Qd2 Kg7 17. Ng5 h6 18. Ne4 Bxe4 19. Bxe4 Nb6 20. Rf6 Rad8 21. Rbf1
Rc8 22. Qf4 Nd5 23. Qh4 Qd8 24. Bxd5 Qxd5 25. R6f3 Qd8 26. Qf2 Rc7 27. h4 h5 28.
Rf6 Qe7 29. Qf4 b5 30. g4 Rh8 31. d5 exd5 32. e6 fxe6 33. Qe5 Qc5+ 34. Kg2 Qxc3
35. Rf7+ Kg8 36. Rf8+ 1-0

[Event "Karpos Open 2013"]
[Site "Skopje MKD"]
[Date "2013.03.10"]
[Round "3.43"]
[White "Vidic, Miha"]
[Black "Haznedaroglu, Kivanc"]
[Result "1/2-1/2"]
[BlackTitle "GM"]
[WhiteElo "2096"]
[BlackElo "2428"]
[WhiteFideId "14605775"]
[BlackFideId "6300634"]
[EventDate "2013.03.09"]

1. d4 d5 2. Nf3 Nf6 3. c4 c6 4. Nc3 dxc4 5. a4 Bf5 6. e3 e6 7. Bxc4 Bb4 8. O-O
O-O 9. Qe2 Bg6 10. Rd1 Nbd7 11. Bd3 Qa5 12. Bxg6 hxg6 13. Bd2 Rfe8 14. Nb1 e5
15. Bxb4 Qxb4 16. Nc3 a5 17. Qc2 Rac8 18. dxe5 Nxe5 19. Nxe5 Rxe5 20. Rd4 Qb6
21. Rad1 Rce8 22. h3 g5 23. Qd2 Qb3 24. Qd3 Qe6 25. Rd8 Ne4 26. Qd4 Nc5 27. Kf1
Kh7 28. Rxe8 Qxe8 29. Qd8 Qe6 30. Qxa5 Qf5 31. Qd8 Rxe3 32. Qd4 Re7 33. Qg4 Qg6
34. f4 f6 35. fxg5 fxg5 36. Kg1 Ne4 37. Qf3 Nxc3 38. Qxc3 Qf5 39. Rf1 Qd5 40.
Qc2+ Qe4 41. Qd1 Kg6 42. Qd6+ Kh7 43. Qd1 Qe3+ 44. Kh2 Qe2 45. Qxe2 Rxe2 46. Rb1
Kg6 47. b4 Ra2 48. a5 Ra4 49. Rb3 Kf6 50. Kg3 Ke5 51. Rb1 Kd5 52. Kg4 c5 53.
Rd1+ Kc6 54. Kxg5 Rxb4 55. Ra1 Kb5 56. g4 c4 57. Kg6 c3 58. Kxg7 c2 59. Rc1 Rc4
60. g5 Kxa5 61. g6 b5 62. Kf7 b4 63. g7 Rc7+ 64. Kf6 Rxg7 65. Rxc2 Rh7 66. Ra2+
Kb5 67. Rh2 b3 68. h4 Kc4 69. Kg6 Rb7 70. h5 b2 71. Rxb2 Rxb2 72. h6 Rb6+ 73.
Kg7 Rxh6 74. Kxh6 1/2-1/2

[Event "Karpos Open 2013"]
[Site "Skopje MKD"]
[Date "2013.03.10"]
[Round "3.44"]
[White "Firat, Burak"]
[Black "Arizanov, Tome"]
[Result "1-0"]
[WhiteTitle "IM"]
[WhiteElo "2428"]
[BlackElo "2099"]
[WhiteFideId "6305881"]
[BlackFideId "15000079"]
[EventDate "2013.03.09"]

1. e4 g6 2. d4 Bg7 3. Nc3 d6 4. Be3 Nf6 5. h3 O-O 6. Nf3 c5 7. dxc5 Qa5 8. Nd2
dxc5 9. Nb3 Qc7 10. Nxc5 Rd8 11. Bd3 Nbd7 12. Nb3 Ne5 13. Qe2 Nxd3+ 14. cxd3 b6
15. O-O Ba6 16. Rfd1 Qb7 17. Qc2 Rac8 18. d4 Bc4 19. f3 b5 20. Nc5 Qb8 21. b3
Be6 22. Qe2 Nh5 23. Qxb5 1-0

[Event "Karpos Open 2013"]
[Site "Skopje MKD"]
[Date "2013.03.10"]
[Round "3.45"]
[White "Spirliadis, Achileas"]
[Black "Tosic, Miroslav"]
[Result "0-1"]
[BlackTitle "GM"]
[WhiteElo "2076"]
[BlackElo "2408"]
[WhiteFideId "4215770"]
[BlackFideId "900460"]
[EventDate "2013.03.09"]

1. b3 d5 2. e3 Bf5 3. Nf3 e6 4. Be2 Nd7 5. O-O Bd6 6. Bb2 Ngf6 7. c4 c6 8. Nc3
h6 9. d3 Bh7 10. e4 dxe4 11. Nxe4 Be7 12. Ng3 O-O 13. Re1 a5 14. Bf1 b5 15. Nd4
Qb6 16. Ndf5 Bb4 17. Nxg7 Bxe1 18. Qxe1 Bg6 19. Nxe6 fxe6 20. Qxe6+ Kh7 21. d4
Qc7 22. cxb5 Rae8 23. Qh3 cxb5 24. Bxb5 Qc2 25. Ba3 Rf7 26. Bc4 Nd5 27. Rf1 N7b6
28. Bc1 Nxc4 29. Qxh6+ Kg8 30. bxc4 Nf6 31. Qg5 Nh7 32. Qxa5 Bd3 33. Be3 Bxf1
34. Nxf1 Rxe3 0-1

[Event "Karpos Open 2013"]
[Site "Skopje MKD"]
[Date "2013.03.10"]
[Round "3.46"]
[White "Sanal, Vahap"]
[Black "Nisic, Miroslav"]
[Result "1-0"]
[WhiteTitle "IM"]
[WhiteElo "2404"]
[BlackElo "2079"]
[WhiteFideId "6300545"]
[BlackFideId "948578"]
[EventDate "2013.03.09"]

1. e4 c6 2. d4 d5 3. exd5 cxd5 4. c4 Nf6 5. Nc3 a6 6. Nf3 e6 7. Bd3 dxc4 8. Bxc4
b5 9. Bd3 Bb7 10. O-O Be7 11. Bg5 O-O 12. a3 Nbd7 13. Rc1 Nb6 14. Ne5 g6 15. Bb1
Nfd5 16. Bh6 Nxc3 17. Rxc3 Re8 18. Rg3 Bh4 19. Rh3 f5 20. Ba2 Bf6 21. Re1 Bxe5
22. Rxe5 Nc4 23. Bxc4 bxc4 24. Qd2 Qd7 25. Bf4 Qe7 26. Rg3 Rab8 27. Re2 Rbc8 28.
Be5 Rc6 29. h4 Qf7 30. h5 Rec8 31. hxg6 hxg6 32. Qh6 1-0

[Event "Karpos Open 2013"]
[Site "Skopje MKD"]
[Date "2013.03.10"]
[Round "3.47"]
[White "Orehek, Spela"]
[Black "Codenotti, Marco"]
[Result "0-1"]
[BlackTitle "FM"]
[WhiteElo "2062"]
[BlackElo "2402"]
[WhiteFideId "14605872"]
[BlackFideId "800015"]
[EventDate "2013.03.09"]

1. e4 c5 2. Nf3 d6 3. Bb5+ Nc6 4. O-O Bd7 5. Re1 a6 6. Bf1 g6 7. c3 Bg7 8. d4
cxd4 9. cxd4 Bg4 10. d5 Nd4 11. Nbd2 Rc8 12. Bd3 Qa5 13. Nc4 Rxc4 14. Bxc4 Bxf3
15. Bd2 Bxd1 16. Bxa5 Bg4 17. Bd3 Nf6 18. Rac1 O-O 19. Rc7 Nd7 20. Bc3 Nc5 21.
Bf1 Nb5 22. Bxg7 Nxc7 23. Bxf8 Kxf8 24. b4 Na4 25. Rc1 Ne8 26. Bc4 Bd7 27. f3 e6
28. a3 Ke7 29. Bb3 Nb6 30. dxe6 fxe6 31. Kf2 d5 32. Ke3 Bb5 33. Kd4 Kd6 34. e5+
Kd7 35. f4 Nc7 36. Kc5 Na4+ 37. Kd4 Nb2 38. Rc2 Na4 39. g3 Na8 40. g4 N4b6 41.
Kc5 Ba4 42. Bxa4+ Nxa4+ 43. Kd4 Nc7 44. Rf2 Nb5+ 45. Kd3 Nxa3 46. f5 g5 47. f6
Ke8 48. f7+ Kf8 49. Rf6 Nb5 50. Rxe6 Kxf7 51. Rf6+ Kg7 52. Re6 Nb2+ 53. Ke3 Nc4+
54. Kd3 Kf7 55. Rf6+ Ke7 56. Rf5 h6 57. h3 Ke6 58. Rf6+ Kxe5 59. Rxh6 Ncd6 60.
Rg6 Ne4 61. Rg7 Nbd6 62. Ke3 d4+ 63. Ke2 Kd5 64. h4 gxh4 65. Rh7 Kc4 66. Rxh4
d3+ 67. Kd1 Nf2+ 68. Ke1 Nde4 0-1

[Event "Karpos Open 2013"]
[Site "Skopje MKD"]
[Date "2013.03.10"]
[Round "3.48"]
[White "Sandalakis, Angelos"]
[Black "Peczely, Sebastian Zsombor"]
[Result "1-0"]
[WhiteElo "2401"]
[BlackElo "2072"]
[WhiteFideId "4207645"]
[BlackFideId "750964"]
[EventDate "2013.03.09"]

1. d4 d5 2. c4 c6 3. cxd5 cxd5 4. Bf4 Nc6 5. e3 Bf5 6. Nc3 e6 7. Qb3 Qb6 8. Qxb6
axb6 9. f3 Nf6 10. Bb5 Be7 11. g4 Bg6 12. h4 h5 13. g5 Nd7 14. Nge2 Nb4 15. Kd2
Kd8 16. Bh2 Rc8 17. Nf4 Bf5 18. Rac1 Nc6 19. Ke2 Nf8 20. Kf2 f6 21. gxf6 Bxf6
22. Bg3 Ke7 23. Ncxd5+ exd5 24. Nxd5+ Kf7 25. Nxb6 Nxd4 26. Bc4+ Rxc4 27. Nxc4
Nc6 28. Nd6+ Ke6 29. e4 Bg6 30. Nxb7 Nb4 31. Nc5+ Kf7 32. a3 Bd4+ 33. Kg2 Bxc5
34. Rxc5 Nd3 35. Rc7+ Kf6 36. Rc8 Bf7 37. Rd1 Nxb2 38. Rdd8 Nc4 39. Rxf8 Rxf8
40. Rxf8 Nxa3 41. f4 g6 42. Ra8 Nc4 43. Be1 Ne3+ 44. Kf3 Ng4 45. Ra7 Bb3 46.
Bc3+ Ke6 47. Ra6+ 1-0

[Event "Karpos Open 2013"]
[Site "Skopje MKD"]
[Date "2013.03.10"]
[Round "3.49"]
[White "Nenezic, Marko"]
[Black "Anastasovski, Nikola"]
[Result "1-0"]
[WhiteTitle "IM"]
[WhiteElo "2394"]
[BlackElo "2065"]
[WhiteFideId "912123"]
[BlackFideId "2605503"]
[EventDate "2013.03.09"]

1. Nf3 c5 2. c4 Nc6 3. d4 cxd4 4. Nxd4 g6 5. e4 Bg7 6. Be3 d6 7. Nc3 Nf6 8. Be2
a6 9. O-O O-O 10. Qd2 Nxd4 11. Bxd4 Bd7 12. f3 Rc8 13. Rfd1 Qc7 14. Rac1 Bc6 15.
b4 Rfd8 16. Bf1 b6 17. b5 Ba8 18. bxa6 Nd7 19. Be3 Bxc3 20. Rxc3 Nc5 21. Ra3 Bc6
22. Rb1 Ra8 23. Qf2 Ra7 24. e5 Rda8 25. exd6 exd6 26. Bd4 Rxa6 27. Rxa6 Rxa6 28.
Ra1 Qd8 29. Rd1 Ra7 30. Qd2 f6 31. Qf4 Rd7 32. Bxf6 Qf8 33. Qh4 Rf7 34. Ba1 h5
35. Qd4 Kh7 36. Qxd6 Qe8 37. Qe5 Re7 38. Qc3 Ne6 39. Re1 Ng7 40. Rxe7 Qxe7 41.
Qd4 Qc7 42. Bd3 Be8 43. Kf2 Qc5 44. Ke2 Qe7+ 45. Kf1 Qf7 46. Qxg7+ Qxg7 47. Bxg7
Kxg7 48. Kf2 Kf6 49. Ke3 g5 50. Kd4 Ke6 51. Be4 Bd7 52. c5 bxc5+ 53. Kxc5 Ke5
54. Bc6 Bc8 55. a4 Kf4 56. a5 Ke3 57. Kb6 Kf2 58. a6 Bxa6 59. Kxa6 Kxg2 60. f4+
Kxh2 61. fxg5 Kh3 62. g6 h4 63. g7 Kh2 64. g8=Q h3 65. Qb8+ 1-0

[Event "Karpos Open 2013"]
[Site "Skopje MKD"]
[Date "2013.03.10"]
[Round "3.50"]
[White "Zawadzka, Jolanta"]
[Black "Ilic, Slobodan R"]
[Result "1-0"]
[WhiteTitle "WGM"]
[WhiteElo "2374"]
[BlackElo "2052"]
[WhiteFideId "1122320"]
[BlackFideId "941832"]
[EventDate "2013.03.09"]

1. e4 c5 2. Nf3 d6 3. d4 cxd4 4. Nxd4 Nf6 5. Nc3 a6 6. Be3 Nc6 7. h3 Qc7 8. g4
h6 9. Qd2 e6 10. Bg2 Nxd4 11. Bxd4 e5 12. Be3 b5 13. O-O Bb7 14. f4 Rc8 15. a3
Qc4 16. Rad1 Be7 17. Bf2 O-O 18. Rfe1 b4 19. axb4 Qxb4 20. g5 hxg5 21. fxg5 Nh5
22. Nd5 1-0

[Event "Karpos Open 2013"]
[Site "Skopje MKD"]
[Date "2013.03.10"]
[Round "3.51"]
[White "Dastan, Muhammed Batuhan"]
[Black "Zemlicka, Vit"]
[Result "1-0"]
[WhiteTitle "FM"]
[WhiteElo "2371"]
[BlackElo "2043"]
[WhiteFideId "6300014"]
[BlackFideId "303143"]
[EventDate "2013.03.09"]

1. Nf3 Nf6 2. g3 d5 3. Bg2 e6 4. O-O Be7 5. d4 O-O 6. c4 c6 7. Nc3 Nbd7 8. Qd3
b6 9. cxd5 exd5 10. Bf4 Bb7 11. Rac1 Re8 12. Rfd1 Nf8 13. Qb1 Ng6 14. Bg5 Ne4
15. Bxe7 Qxe7 16. Re1 Rad8 17. e3 Nd6 18. Rcd1 Bc8 19. Qd3 Bf5 20. Qe2 Qd7 21.
b3 Re7 22. Qf1 Qe8 23. Nd2 Nf8 24. Na4 Rc8 25. Nb2 Nd7 26. Nd3 Nf6 27. h3 Nfe4
28. Nf3 f6 29. Kh1 Bd7 30. Qg1 Bf5 1-0

[Event "Karpos Open 2013"]
[Site "Skopje MKD"]
[Date "2013.03.10"]
[Round "3.52"]
[White "Vujic, Mihailo"]
[Black "Manelidou, Maria"]
[Result "1-0"]
[WhiteTitle "FM"]
[WhiteElo "2361"]
[BlackElo "2029"]
[WhiteFideId "918873"]
[BlackFideId "4212240"]
[EventDate "2013.03.09"]

1. e4 e5 2. Nf3 Nc6 3. d4 exd4 4. Nxd4 Nf6 5. Nxc6 bxc6 6. e5 Qe7 7. Qe2 Nd5 8.
c4 Ba6 9. b3 O-O-O 10. Bb2 f6 11. g3 fxe5 12. Bg2 Nf6 13. O-O d5 14. Qe1 e4 15.
Qa5 Kb7 16. Ba3 Qe5 17. Bxf8 Rhxf8 18. Nc3 Nd7 19. Rfd1 dxc4 20. Qb4+ Nb6 21.
Nxe4 Qb5 22. Qxb5 Bxb5 23. Nc5+ Kb8 24. a4 cxb3 25. axb5 b2 26. Rab1 cxb5 27.
Bc6 Rd6 28. Rxd6 cxd6 29. Na6+ Kc8 30. Bxb5 1-0

[Event "Karpos Open 2013"]
[Site "Skopje MKD"]
[Date "2013.03.10"]
[Round "3.53"]
[White "Dinev, Dejan"]
[Black "Bejatovic, Bojana"]
[Result "1/2-1/2"]
[WhiteTitle "FM"]
[WhiteElo "2357"]
[BlackElo "2011"]
[WhiteFideId "15000095"]
[BlackFideId "15000141"]
[EventDate "2013.03.09"]

1. d4 f5 2. g3 Nf6 3. Bg2 g6 4. Nh3 Bg7 5. c4 d6 6. O-O O-O 7. d5 c6 8. Nf4 Qe8
9. Nc3 e5 10. dxe6 Bxe6 11. Qb3 Rf7 12. Rd1 Rd7 13. Nxe6 Qxe6 14. Bf4 Na6 15.
Bxd6 Rad8 16. Ba3 Ng4 17. Rxd7 Rxd7 18. Rd1 Nb8 19. Rxd7 Qxd7 20. Bd6 Na6 21.
c5+ Qf7 22. Nd5 Kh8 23. e3 Nf6 24. Nf4 Qxb3 25. axb3 Ne4 26. Bxe4 fxe4 27. Ne6
Bf6 28. g4 Kg8 29. f4 exf3 30. Kf2 Kf7 31. Nf4 Bxb2 32. Nd3 Bf6 33. e4 Bd8 34.
Kxf3 Nc7 35. Bxc7 Bxc7 36. e5 Ke6 37. Ke4 g5 1/2-1/2

[Event "Karpos Open 2013"]
[Site "Skopje MKD"]
[Date "2013.03.10"]
[Round "3.54"]
[White "Bozinovic, Boban"]
[Black "Posedaru, Bogdan"]
[Result "1/2-1/2"]
[WhiteTitle "CM"]
[BlackTitle "FM"]
[WhiteElo "2051"]
[BlackElo "2337"]
[WhiteFideId "929697"]
[BlackFideId "1213610"]
[EventDate "2013.03.09"]

1. e4 c5 2. Nc3 Nc6 3. g3 g6 4. Bg2 Bg7 5. d3 d6 6. Nge2 e6 7. Be3 Nge7 8. Qd2
Nd4 9. Nd1 O-O 10. c3 Nxe2 11. Qxe2 b6 12. Qd2 d5 13. Bh6 Bb7 14. h4 dxe4 15.
Bxe4 Bxe4 16. dxe4 Qxd2+ 17. Bxd2 Nc6 18. Ne3 f5 19. exf5 exf5 20. f4 Rfe8 21.
O-O-O Rac8 22. Kb1 Rcd8 23. Kc2 b5 24. h5 Re4 25. hxg6 hxg6 26. Bc1 Ree8 27.
Rhg1 Kf7 28. Rxd8 Rxd8 29. g4 fxg4 30. Rxg4 Rh8 31. f5 Rh2+ 32. Bd2 gxf5 33.
Nxf5 Bf6 34. Ne3 Ne5 35. Rg2 Rh1 36. Nd5 Bd8 37. Re2 Nc4 38. Bc1 Rh5 39. Nf4 Rf5
40. b3 Ne5 1/2-1/2

[Event "Karpos Open 2013"]
[Site "Skopje MKD"]
[Date "2013.03.10"]
[Round "3.55"]
[White "Zozulia, Anna"]
[Black "Milutinovic, Stefana"]
[Result "1/2-1/2"]
[WhiteTitle "IM"]
[WhiteElo "2336"]
[BlackElo "2000"]
[WhiteFideId "14102110"]
[BlackFideId "942456"]
[EventDate "2013.03.09"]

1. e4 c5 2. Nf3 d6 3. d4 cxd4 4. Nxd4 Nf6 5. Nc3 a6 6. g3 e6 7. Bg2 Be7 8. O-O
O-O 9. f4 Qc7 10. Kh1 Nc6 11. Be3 Nd7 12. Qd2 Nxd4 13. Bxd4 b5 14. Rad1 b4 15.
Ne2 a5 16. c3 Ba6 17. cxb4 axb4 18. b3 Qa5 19. Rf2 Nc5 20. Nc1 Bb5 21. Qb2 f6
22. e5 dxe5 23. fxe5 Rad8 24. exf6 Bxf6 25. Rfd2 Bxd4 26. Rxd4 Qc7 27. Rxd8 Rxd8
28. Re1 Qd6 29. Qc2 Qd2 30. Qxd2 Rxd2 31. Kg1 1/2-1/2

[Event "Karpos Open 2013"]
[Site "Skopje MKD"]
[Date "2013.03.10"]
[Round "3.56"]
[White "Minas, Ioannis"]
[Black "Videnova, Iva"]
[Result "0-1"]
[BlackTitle "WGM"]
[WhiteElo "2019"]
[BlackElo "2329"]
[WhiteFideId "4251857"]
[BlackFideId "2907763"]
[EventDate "2013.03.09"]

1. c4 Nf6 2. g3 g6 3. Bg2 d5 4. cxd5 Nxd5 5. Nc3 Nb6 6. Nf3 Bg7 7. O-O Nc6 8.
Re1 O-O 9. a4 a5 10. d3 Nb4 11. Ng5 c6 12. Bd2 h6 13. Nge4 Kh7 14. Nc5 N6d5 15.
Nxd5 Nxd5 16. e4 Nb4 17. Bxb4 axb4 18. e5 Qd4 19. Nb3 Qb6 20. Qc2 Rd8 21. Nc5
Bf5 22. h3 Ra5 23. Rac1 Qc7 24. g4 Bc8 25. Qb3 b6 26. Qxf7 Rf8 27. Ne6 Rxf7 28.
Nxc7 Bxe5 29. Bxc6 Bxb2 30. Rc4 Bc3 31. Rd1 e5 32. Be8 Rf8 33. Bb5 Ra7 34. Nd5
Be6 35. Rc7+ Rxc7 36. Nxc7 Bb3 37. Rb1 Ba2 38. Rf1 Bd4 39. Bd7 b3 40. Be6 Rf6
41. Bd5 Rd6 42. Bc4 Rc6 43. Nb5 Rc8 44. Re1 Ra8 45. Nxd4 exd4 46. Re7+ Kh8 47.
Rb7 b2 48. Bxa2 Rxa4 49. Rxb6 Rxa2 50. Kg2 Kg7 51. Kf3 Kf7 52. h4 Ke7 53. Ke4
Kd7 54. f3 Kc7 55. Rb3 Kc6 56. Kxd4 Ra4+ 57. Ke5 Ra5+ 58. Kf6 Rb5 59. Rxb2 Rxb2 0-1

[Event "Karpos Open 2013"]
[Site "Skopje MKD"]
[Date "2013.03.10"]
[Round "3.57"]
[White "Csonka, Balazs"]
[Black "Velikic, Adela"]
[Result "1-0"]
[WhiteTitle "FM"]
[WhiteElo "2319"]
[BlackElo "1990"]
[WhiteFideId "742910"]
[BlackFideId "913553"]
[EventDate "2013.03.09"]

1. d4 d5 2. c4 c6 3. Nf3 Nf6 4. Nc3 e6 5. g3 Nbd7 6. Bg2 Bd6 7. O-O O-O 8. Nd2
Bc7 9. e4 dxe4 10. Ndxe4 Nxe4 11. Nxe4 e5 12. d5 cxd5 13. Qxd5 Nb6 14. Qc5 Be6
15. b3 h6 16. Ba3 Re8 17. Rad1 Qc8 18. Nd6 Bxd6 19. Rxd6 Qxc5 20. Bxc5 Nc8 21.
Rd2 Rb8 22. Re1 b6 23. Bc6 bxc5 24. Bxe8 Ne7 25. Bd7 Bxd7 26. Rxd7 Nc6 27. Rc7
Nd4 28. Kg2 1-0